History Quiz

Random History or Year Quiz
Score 0/5 Timer 01:00
0 Plays Today
U.S. States admitted 1901-2000 % Correct
Hawaii
98.9%
Alaska
98.1%
New Mexico
88.1%
Arizona
87.8%
Oklahoma
69.5%
Remove Ads.
Support Sporcle.
Get the best of Sporcle when you Go Orange. This ad-free experience offers more features, more stats, and more fun while also helping to support Sporcle. Thank you for becoming a member.

You're not logged in!

Compare scores with friends on all Sporcle quizzes.
OR
Log In

Show Comments

Extras

Top Quizzes Today


Score Distribution

Your Account Isn't Verified!

In order to create a playlist on Sporcle, you need to verify the email address you used during registration. Go to your Sporcle Settings to finish the process.

Report this User

Report this user for behavior that violates our Community Guidelines.

Details: